| 000 | 00799nab a2200217 i 4500 | ||
|---|---|---|---|
| 001 | 768714001 | ||
| 003 | CO-MdFUSB | ||
| 005 | 20240520102629.0 | ||
| 008 | 240520t1972 sp ||||| |||| 00| 0 spa d | ||
| 040 |
_bspa _cCO-MdFUSB _dCO-MdFUSB |
||
| 041 | _aspa | ||
| 100 |
_aBommer, Josef, _eautor |
||
| 245 |
_a¿Tienen todavía sentido la oración de súplica y de intercesión? _c/Josef Bommer ; traducido por Tomás Romera |
||
| 650 | 7 |
_aOración _986 |
|
| 650 | 0 |
_aVida espiritual _951 |
|
| 650 | 7 |
_aDios _9178 |
|
| 700 |
_aRomera, Tomás, _etraductor |
||
| 773 | 0 |
_049450 _982647 _oR2569 _tRevista internacional de teología Concilium _w(CO-MdFUSB)8 _x0210-1041 _gNúmero 79, (noviembre, 1972), páginas: 379 - 391 _qpágina: 379 |
|
| 942 | _cANA | ||
| 945 | _aCatherine Arias Alvarez - Practicante SENA | ||
| 999 |
_c69787 _d69787 |
||